On top of the world (Record no. 75583)

MARC details
000 -LEADER
fixed length control field 00731cab a2200193 4500
001 - CONTROL NUMBER
control field L130370
008 - FIXED-LENGTH DATA ELEMENTS--GENERAL INFORMATION
fixed length control field 050722n2005 000 0 eng u
035 ## - SYSTEM CONTROL NUMBER
System control number (Sirsi) u130370
041 ## - LANGUAGE CODE
Language code of text/sound track or separate title eng
100 ## - MAIN ENTRY--PERSONAL NAME
Personal name Leftly, Mark
245 ## - TITLE STATEMENT
Title On top of the world
260 ## - PUBLICATION, DISTRIBUTION, ETC.
Date of publication, distribution, etc. 2005
490 ## - SERIES STATEMENT
Series statement Building
Volume/sequential designation 270(8389) 8 July 2005, 26-28(3)
520 ## - SUMMARY, ETC.
Summary, etc. Question and answer look at the £8.3bn worth of projects that hosting the Olympics in London will engender and what this means for London and the construction industry. Includes a brief look at the effect the Olympics have had on the host cities of Athens, Sydney and Atlanta.
590 ## - LOCAL NOTE (RLIN)
Local note IKA020805
650 ## - SUBJECT ADDED ENTRY--TOPICAL TERM
Topical term or geographic name entry element OLYMPIC GAMES 2012
690 ## - LOCAL SUBJECT ADDED ENTRY--TOPICAL TERM (OCLC, RLIN)
Topical term or geographic name as entry element Procurement
9 (RLIN) 6260
942 ## - ADDED ENTRY ELEMENTS (KOHA)
Suppress in OPAC 0
Holdings
Withdrawn status Lost status Source of classification or shelving scheme Damaged status Not for loan Home library Current library Shelving location Date acquired Total Checkouts Full call number Barcode Date last seen Copy number Price effective from Koha item type
    Dewey Decimal Classification     London London Journal article 22/07/2005   L130370 130370-1001 06/08/2019 1 06/08/2019 Journal article